00757nam a2200229 a 450000100060000000300080000600500170001400800410003103500190007204000350009104100080012608200250013410000240015924501220018326000490030530000330035449000330038750400370042065000170045770000200047483000330049467519BD-RjUL20211209081651.0170325s1964 enka|||| b||| 001 0 eng d a(BD-RjUL)67650 aBD-RjULbengcBD-RjULdBD-RjUL aeng 223a631.46bCOT 1964 aCooney, Donald G.  aThermophilic fungi : ban account of their biology, activities and classification /cDonald G. Cooney; Ralph Emerson aLondon : bW. H. Freeman and company,c1964. aix, 188 p. :bill. ;c24 cm. aA series of books in biology aInclude Bibliography and Index.  aSoil Biology aEmerson, Ralph  aA series of books in biology